000 00623nam a2200205 i 4500
001 bg
100 1 _aBODZEK, Michał
245 0 _aZastosowanie odwróconej osmozy i ultrafiltracji w technologii wody i ścieków /
_cMichał Bodzek, Oskar Kominek, Jerzy Zieliński.
260 _aWarszawa,
_c1981.
490 1 _aWodociągi i kanalizacja ;
_vt.13
650 9 _aWoda
_xtechnologia
650 9 _aŚcieki
_xtechnologia
700 1 _aKOMINEK, Oskar
700 1 _aZIELIŃSKI, Jerzy
830 _aWodociągi i kanalizacja ;
040 _cBPK
041 _apol
942 _cKS
008 s pl f |000 0 pol
999 _c22520
_d22520
856 _uhttp://koha.tu.koszalin.pl/cgi-bin/koha/opac-detail.pl?biblionumber=22520
_yKatalog online BPK